000 00621nam a2200229Ia 4500
003 OSt
005 20221006164357.0
006 a|||||r|||| 00| 0
007 ta
008 221006b |||||||| |||| 00| 0 eng d
024 _a3,033
037 _cTextual
040 _aFML
_cFML
_beng
041 _2eng
_aeng
082 _aND441,D, K1
100 _aShivaramamurti C Au.
_9676379
245 0 _aKalugumalai and Early Pandyan Rockait Shrines
260 _aMumbai
_bTripathi
_c1961
300 _a46, 34
_ccm.
942 _hND441,D, K1
_cTEXL
_2CC
999 _c1117049
_d1117049